000
00199nam a22000857a 4500
999
_c
23920
_d
23920
005
20250922113344.0
008
250922b ||||| |||| 00| 0 eng d
040
_c
cz
245
_a
Karel Čapek ve fotografii